Liczba rzeczy - wielokrotny wybór - Statystyki

Ogólne statystyki
  • Ten quiz został rozwiązany 720 razy
  • Średni wynik to 5 z 12
Statystyki odpowiedzi
Zagadnienie Odpowiedź % Poprawnych
Ile gwiazd jest na amerykańskiej fladze? 50
87%
Ile jest europejskich krajów wyspiarskich? 4
65%
Ile państw amerykańskich graniczy z Atlantykiem? 15
57%
Ile krajów było w Układzie Warszawskim? 8
53%
Jaka jest liczba w Stanley Kubrick „____, Odyseja kosmiczna”? 2001
46%
Ilu członków ma OPEC (w kwietniu 2019 r.)? 13
42%
Ilu aktorów zagrało Jamesa Bonda (w kwietniu 2019 r.)? 8
39%
Ile filmów zrobiła Marilyn Monroe? 33
33%
Ilu komisarzy jest w Komisji Europejskiej? 28
29%
Ile stanów USA sąsiaduje z Pacyfikiem? 5
27%
Ile uczęszczali na pogrzeby Hugh Grant i Andie MacDowell? 1
24%
Ile filmów Jamesa Bonda powstało (w kwietniu 2019 r.)? 26
13%
Nie znaleziono quizów pasujących do podanych kryteriów
Rozkład punktacji
Procent ludzi z każdym wynikiem
Percentyl według liczby udzielonych odpowiedzi
Twoja historia wyników
Nie rozwiązałeś tego quizu